<?xml version="1.0" encoding="UTF-8"?>
<record
    xmlns:xsi="http://www.w3.org/2001/XMLSchema-instance"
    xsi:schemaLocation="http://www.loc.gov/MARC21/slim http://www.loc.gov/standards/marcxml/schema/MARC21slim.xsd"
    xmlns="http://www.loc.gov/MARC21/slim">

  <leader>01793nam a22002297a 4500</leader>
  <controlfield tag="005">20240223103138.0</controlfield>
  <controlfield tag="008">240215b           ||||| |||| 00| 0 eng d</controlfield>
  <datafield tag="020" ind1=" " ind2=" ">
    <subfield code="a">9780063022751</subfield>
  </datafield>
  <datafield tag="040" ind1=" " ind2=" ">
    <subfield code="c">AL</subfield>
  </datafield>
  <datafield tag="041" ind1=" " ind2=" ">
    <subfield code="a">eng</subfield>
  </datafield>
  <datafield tag="082" ind1=" " ind2=" ">
    <subfield code="2">23</subfield>
    <subfield code="a">658.3145</subfield>
    <subfield code="b">TAMR</subfield>
  </datafield>
  <datafield tag="100" ind1=" " ind2=" ">
    <subfield code="a">James W Tamm</subfield>
    <subfield code="9">151652</subfield>
  </datafield>
  <datafield tag="245" ind1=" " ind2=" ">
    <subfield code="a">Radical collaboration </subfield>
    <subfield code="b">: five essential skills to overcome defensiveness and build successful relationships</subfield>
  </datafield>
  <datafield tag="250" ind1=" " ind2=" ">
    <subfield code="a">2nd ed</subfield>
  </datafield>
  <datafield tag="260" ind1=" " ind2=" ">
    <subfield code="a">New York</subfield>
    <subfield code="b">HarperCollins Publishers</subfield>
    <subfield code="c">2019</subfield>
  </datafield>
  <datafield tag="300" ind1=" " ind2=" ">
    <subfield code="a">xvi,364p.</subfield>
    <subfield code="b">PB</subfield>
    <subfield code="c">23.5x18.5cm</subfield>
  </datafield>
  <datafield tag="365" ind1=" " ind2=" ">
    <subfield code="2">General</subfield>
    <subfield code="a">VBI-2022</subfield>
    <subfield code="b">&#x20B9;413.00</subfield>
    <subfield code="c">&#x20B9;</subfield>
    <subfield code="d">&#x20B9;550.00</subfield>
    <subfield code="e">25%</subfield>
    <subfield code="f">16-01-2024</subfield>
  </datafield>
  <datafield tag="520" ind1=" " ind2=" ">
    <subfield code="a">Fast Company Magazine described Judge James Tamm as an "Ace Relationship Builder". For most of his career he was a Senior Administrative Law Judge for the State of California with jurisdiction over workplace disputes. In that role he has mediated more school districts labor strikes than any other person in the United States. After retiring as a judge, he served on the faculties of:
* International Management Program of the Stockholm School of Economics * Leadership Academy of the University of California at Santa Cruz  Harvard University Talent Development Program His book, Radical Collaboration, has been on Amazon's top seller lists for Workplace, Organizational Psychology, and Negotiation books for most of the past 16 years. It is published in seven languages. The 2nd edition was published in December 2019.James is President of RC Group, with certified Radical Collaboration trainers in almost 30 countries. He specializes in building cultures of collaboration within organizations, giving keynote speeches and collaboration training.</subfield>
  </datafield>
  <datafield tag="650" ind1=" " ind2=" ">
    <subfield code="2">Management</subfield>
    <subfield code="a">Personnel Management</subfield>
    <subfield code="9">151653</subfield>
  </datafield>
  <datafield tag="700" ind1=" " ind2=" ">
    <subfield code="a">Luyet, Ronald J</subfield>
    <subfield code="9">151654</subfield>
  </datafield>
  <datafield tag="942" ind1=" " ind2=" ">
    <subfield code="2">ddc</subfield>
    <subfield code="c">BK</subfield>
  </datafield>
  <datafield tag="999" ind1=" " ind2=" ">
    <subfield code="c">229835</subfield>
    <subfield code="d">229835</subfield>
  </datafield>
  <datafield tag="952" ind1=" " ind2=" ">
    <subfield code="0">0</subfield>
    <subfield code="1">0</subfield>
    <subfield code="2">ddc</subfield>
    <subfield code="4">0</subfield>
    <subfield code="7">0</subfield>
    <subfield code="8">GEN</subfield>
    <subfield code="a">SACPG</subfield>
    <subfield code="b">SACPG</subfield>
    <subfield code="d">2024-01-23</subfield>
    <subfield code="e">Vidyarthi Books</subfield>
    <subfield code="g">413.00</subfield>
    <subfield code="l">0</subfield>
    <subfield code="o">658.3145 TAMR</subfield>
    <subfield code="p">PG024579</subfield>
    <subfield code="r">2024-02-15 00:00:00</subfield>
    <subfield code="v">550.00</subfield>
    <subfield code="w">2024-02-15</subfield>
    <subfield code="y">BK</subfield>
  </datafield>
</record>
